Secret seven win through (Record no. 759822)

MARC details
000 -LEADER
fixed length control field 00562nam a22001937a 4500
005 - DATE AND TIME OF LATEST TRANSACTION
control field 20231031155443.0
008 - FIXED-LENGTH DATA ELEMENTS--GENERAL INFORMATION
fixed length control field 231031b sa ||||| |||| 00| 0 eng d
020 ## - INTERNATIONAL STANDARD BOOK NUMBER
Qualifying information (pbk)
040 ## - CATALOGING SOURCE
Original cataloging agency RDA
Transcribing agency 3228
082 ## - DEWEY DECIMAL CLASSIFICATION NUMBER
-- 23
Classification number EJF BLYT
942 ## - ADDED ENTRY ELEMENTS
Creator ID 378
Creator Name Patrick Mahlalela
Modifier ID 378
Modifier Name Patrick Mahlalela
100 ## - MAIN ENTRY--PERSONAL NAME
Personal name Blyton, enid
245 ## - TITLE STATEMENT
Title Secret seven win through
260 ## - PUBLICATION, DISTRIBUTION, ETC.
Place of publication, distribution, etc. London;
Name of publisher, distributor, etc. Hodder Children's Books;
Date of publication, distribution, etc. 2009.
300 ## - PHYSICAL DESCRIPTION
Extent 122 pages;
Other physical details illustrations;
Dimensions 20 cm.
490 ## - SERIES STATEMENT
Series statement The Secret seven
521 ## - TARGET AUDIENCE NOTE
Target audience note Juvenile
Source title of the book
650 ## - SUBJECT ADDED ENTRY--TOPICAL TERM
Topical term or geographic name entry element Siblings-Fiction; Mystery-Fiction
Geographic subdivision London
9 (RLIN) 183791
942 ## - ADDED ENTRY ELEMENTS
Source of classification or shelving scheme Dewey Decimal Classification
item type Book
Holdings
Withdrawn status Lost status Source of classification or shelving scheme Damaged status Not for loan Collection code Home library Current library Shelving location Date acquired Cost, normal purchase price Total Checkouts Full call number Barcode Date last seen Price effective from item type
    Dewey Decimal Classification     Fiction Standerton Regional Library Thuthukani Children's Area 31.10.2023 338.02   EJF BLYT 33228031007189 31.10.2023 31.10.2023 Book